Pojištění úvěrových rizík v mezinárodním obchodě

Salvato in:
Dettagli Bibliografici
Autore principale: Böhm, Arnošt
Altri autori: Janatka, František
Natura: Libro
Lingua:ceco
Pubblicazione: Praha GRADA Publishing 2004
Serie:Finance
Soggetti:
Tags: Aggiungi Tag
Nessun Tag, puoi essere il primo ad aggiungerne!!

MARC

LEADER 00000nam$a2200000$$$4500
001 0022507
005 20240306141606.6
020 |a 80-247-0816-7 
041 0 |a cze 
044 |a CZ 
245 1 0 |a Pojištění úvěrových rizík v mezinárodním obchodě  |c Arnošt Böhm, František Janatka 
264 1 |a Praha  |b GRADA Publishing  |c 2004 
300 |a 204 s. 
490 1 |a Finance 
830 0 |a Finance 
610 2 0 |a poistenie 
610 2 0 |a riziko úverové 
610 2 0 |a obchod medzinárodný 
610 2 0 |a riziko obchodné 
610 2 0 |a nástroje finančné 
610 2 0 |a podpora vývozu 
610 2 0 |a poistenie úverové 
610 2 0 |a Česko 
610 2 0 |a porovnanie medzinárodné 
610 2 0 |a Holandsko 
610 2 0 |a Nemecko 
610 2 0 |a Francúzsko 
610 2 0 |a Rakúsko 
610 2 0 |a USA 
610 2 0 |a Belgicko 
610 2 0 |a Európska únia 
610 2 0 |a OECD 
100 1 |a Böhm, Arnošt 
700 1 |a Janatka, František